| 000 | 00358nam a22001577a 4500 | ||
|---|---|---|---|
| 005 | 20160503105324.0 | ||
| 008 | 160503b xxu||||| |||| 00| 0 eng d | ||
| 041 | _aeng | ||
| 082 | _b1165 | ||
| 100 |
_aINFA Publication _9386 |
||
| 245 | _aYear book 2002-2003 | ||
| 260 |
_bINFA Publication _c2003 |
||
| 300 | _a515 | ||
| 650 |
_aManagement _9241 |
||
| 942 | _cBK | ||
| 999 |
_c458 _d458 |
||